000 00433nam a2200145 a 4500
001 000032177
005 20200930063509.0
008 110713s1935 dr r 000 p spa d
040 _aDO-SdBNP
_bspa
_cBNPHU
082 _axxxx
_bM843c
100 1 _aMoreno Jimenes, Domingo,
_d1894-1986
_919534
245 1 3 _aEl caminante sin camino /
_cMoreno Jimenes.
260 _aSanto Domingo :
_bImprenta Montalvo,
_c1935.
300 _a40 p. ;
_c16 cm.
999 _c31668
_d31668